How to reduce tension ? (Record no. 156082)
[ view plain ]
| 000 -LEADER | |
|---|---|
| fixed length control field | 00533nam a22001937a 4500 |
| 005 - DATE AND TIME OF LATEST TRANSACTION | |
| control field | 20200107181619.0 |
| 010 ## - LCCN (DPL NO) | |
| LC control number | B-219156, B-219119 |
| 020 ## - INTERNATIONAL STANDARD BOOK NUMBER | |
| International Standard Book Number | 818382076x |
| Terms of availability | 125.00 |
| 035 ## - SYSTEM CONTROL NUMBER | |
| System control number | B-219126 |
| 035 ## - SYSTEM CONTROL NUMBER | |
| System control number | B-219126 |
| 037 ## - SOURCE OF ACQUISITION | |
| Source of stock number/acquisition | BPPD/PUB |
| 082 ## - DEWEY DECIMAL CLASSIFICATION NUMBER | |
| Classification number | 155.9042 |
| 100 ## - MAIN ENTRY--PERSONAL NAME | |
| Personal name | Wilson, Andy |
| 245 ## - TITLE STATEMENT | |
| Title | How to reduce tension ? |
| 260 ## - PUBLICATION, DISTRIBUTION, ETC. (IMPRINT) | |
| Place of publication, distribution, etc | New Delhi |
| Name of publisher, distributor, etc | Lotus press |
| Date of publication, distribution, etc | 2006 |
| 270 ## - ADDRESS | |
| Address | 4263/3, Ansari Road, Daryaganj |
| City | New Delhi |
| Postal code | 110002 |
| 300 ## - PHYSICAL DESCRIPTION | |
| Extent | 202p. |
| Dimensions | 23 cm(Hb) |
| 942 ## - ADDED ENTRY ELEMENTS (KOHA) | |
| Source of classification or shelving scheme | Dewey Decimal Classification |
| Item type | English Books |
| Call number suffix | WIL |
| Classification part | 155.9042 |
| Withdrawn status | Lost status | Not for loan | Collection code | Home library | Current library | Date acquired | Source of acquisition | Cost, normal purchase price | Full call number | Barcode | Cost, replacement price | Koha item type | Copy number |
|---|---|---|---|---|---|---|---|---|---|---|---|---|---|
| Non-fiction | R.K.Puram-8 | R.K.Puram-8 | 07/01/2020 | BPPD/Purchase | 125.00 | 155.9042 WIL | B-219119 | 125.00 | English Books | 1 | |||
| Non-fiction | Shahdara Branch | Shahdara Branch | 20/08/2018 | BPPD/PUB | 0.00 | 155.9042 WIL | B-219126 | 0.00 | English Books |
